Climate, pests and pesticide residues (Record no. 55703)

MARC details
000 -LEADER
fixed length control field 00349nam a2200145Ia 4500
100 ## - MAIN ENTRY--AUTHOR NAME
Personal name Muraleedharan N
245 #0 - TITLE STATEMENT
Title Climate, pests and pesticide residues
260 ## - PUBLICATION, DISTRIBUTION, ETC. (IMPRINT)
Name of publisher Planters Chronicle
Year of publication 2010
300 ## - PHYSICAL DESCRIPTION
Number of Pages 10-Jun
650 ## - SUBJECT ADDED ENTRY--TOPICAL TERM
Topical Term Climate
650 ## - SUBJECT ADDED ENTRY--TOPICAL TERM
Topical Term Pesticide
650 ## - SUBJECT ADDED ENTRY--TOPICAL TERM
Topical Term Pests
942 ## - ADDED ENTRY ELEMENTS (KOHA)
Koha item type Journals
Holdings
Withdrawn status Lost status Damaged status Not for loan Home library Current library Date acquired Serial Enumeration / chronology Koha item type
      Journals RRII Library RRII Library 18/01/2011 Volume 106, Issue 8 Journals